Genetic engineering : (Record no. 283250)
[ view plain ]
| 000 -LEADER | |
|---|---|
| fixed length control field | 00403nam a2200133Ia 4500 |
| 008 - FIXED-LENGTH DATA ELEMENTS--GENERAL INFORMATION | |
| fixed length control field | 150223s9999 xx 000 0 und d |
| 020 ## - INTERNATIONAL STANDARD BOOK NUMBER | |
| International Standard Book Number | 0737722363 |
| 050 ## - LIBRARY OF CONGRESS CALL NUMBER | |
| Classification number | QH 438.7 |
| Item number | .G413 2004 |
| 100 ## - MAIN ENTRY--PERSONAL NAME | |
| Personal name | Gerdes, Louise I. |
| 245 ## - TITLE STATEMENT | |
| Title | Genetic engineering : |
| Remainder of title | opposing viewpoints / |
| Statement of responsibility, etc | Louise I. Gerdes. |
| 260 ## - PUBLICATION, DISTRIBUTION, ETC. (IMPRINT) | |
| Place of publication, distribution, etc | USA : |
| Name of publisher, distributor, etc | Greenhaven Press, |
| Date of publication, distribution, etc | 2004 |
| 300 ## - PHYSICAL DESCRIPTION | |
| Extent | 221 pages : |
| Dimensions | 22 cm. |
| 504 ## - BIBLIOGRAPHY, ETC. NOTE | |
| Bibliography, etc | Includes Index. |
No items available.